understanding and developing ; (Record no. 195532)

MARC details
000 -LEADER
fixed length control field 00672nam a22002057a 4500
005 - DATE AND TIME OF LATEST TRANSACTION
control field 20230401141734.0
010 ## - LCCN (DPL NO)
LC control number EN-87505
020 ## - INTERNATIONAL STANDARD BOOK NUMBER
International Standard Book Number 9788186772454
Terms of availability 135.00
035 ## - SYSTEM CONTROL NUMBER
System control number EN-87505
037 ## - SOURCE OF ACQUISITION
Source of stock number/acquisition DBAD/Pub
082 ## - DEWEY DECIMAL CLASSIFICATION NUMBER
Classification number 372.1
100 ## - MAIN ENTRY--PERSONAL NAME
Personal name Shiradhonkar,Kiran
245 ## - TITLE STATEMENT
Title understanding and developing ;
Remainder of title creativity /
Statement of responsibility, etc by Kiran Shiradhonkar [and] Vishala Patham :
260 ## - PUBLICATION, DISTRIBUTION, ETC. (IMPRINT)
Place of publication, distribution, etc New Delhi
Name of publisher, distributor, etc New Academic Publishers
Date of publication, distribution, etc 2011
270 ## - ADDRESS
Address 4760-61, 23, Ansari Road,Daryaganj
City New Delhi
Postal code 110002
300 ## - PHYSICAL DESCRIPTION
Extent iv,56p.
Other physical details ill. (Black & White)
Dimensions 23cm (pbk)
500 ## - GENERAL NOTE
General note Includes refrences
700 ## - ADDED ENTRY--PERSONAL NAME
Personal name Patham,Vishala
942 ## - ADDED ENTRY ELEMENTS (KOHA)
Source of classification or shelving scheme Dewey Decimal Classification
Item type English Books
Classification part 372.1
Call number suffix SHI

No items available.


© Delhi Public Library
Hit Counter
free hit counter